<?xml version="1.0" encoding="UTF-8"?>
<record
    xmlns:xsi="http://www.w3.org/2001/XMLSchema-instance"
    xsi:schemaLocation="http://www.loc.gov/MARC21/slim http://www.loc.gov/standards/marcxml/schema/MARC21slim.xsd"
    xmlns="http://www.loc.gov/MARC21/slim">

  <leader>00976nam a22002537a 4500</leader>
  <controlfield tag="005">20150911164020.0</controlfield>
  <controlfield tag="008">131126b        xxu||||| |||| 00| 0 pun d</controlfield>
  <datafield tag="010" ind1=" " ind2=" ">
    <subfield code="a">PUN-7937            B-578073-076</subfield>
  </datafield>
  <datafield tag="020" ind1=" " ind2=" ">
    <subfield code="c">100.00</subfield>
    <subfield code="a">9789350176064</subfield>
  </datafield>
  <datafield tag="035" ind1=" " ind2=" ">
    <subfield code="a">PN-                     B-578073-076</subfield>
  </datafield>
  <datafield tag="037" ind1=" " ind2=" ">
    <subfield code="b">DBAD / PUB</subfield>
  </datafield>
  <datafield tag="037" ind1=" " ind2=" ">
    <subfield code="b">Unistar Books</subfield>
  </datafield>
  <datafield tag="037" ind1=" " ind2=" ">
    <subfield code="b">BPPD/Ven/Resaerchkoo Books</subfield>
  </datafield>
  <datafield tag="040" ind1=" " ind2=" ">
    <subfield code="a">dpl</subfield>
    <subfield code="b">pn</subfield>
  </datafield>
  <datafield tag="082" ind1=" " ind2=" ">
    <subfield code="a">851</subfield>
  </datafield>
  <datafield tag="100" ind1=" " ind2=" ">
    <subfield code="a">&#xA38;&#xA41;&#xA16;&#xA35;&#xA3F;&#xA70;&#xA26;&#xA30;  &#xA05;&#xA70;&#xA2E;&#xA4D;&#xA30;&#xA3F;&#xA24;</subfield>
  </datafield>
  <datafield tag="245" ind1=" " ind2=" ">
    <subfield code="a">&#xA15;&#xA23;&#xA40;&#xA06;&#xA02; /</subfield>
    <subfield code="c">&#xA38;&#xA41;&#xA15;&#xA35;&#xA3F;&#xA70;&#xA26;&#xA30;  &#xA05;&#xA70;&#xA2E;&#xA4D;&#xA30;&#xA3F;&#xA24;</subfield>
  </datafield>
  <datafield tag="246" ind1=" " ind2=" ">
    <subfield code="a">Kanian</subfield>
    <subfield code="b">by Sukhwinder Amrit</subfield>
  </datafield>
  <datafield tag="260" ind1=" " ind2=" ">
    <subfield code="a">Chandigarh</subfield>
    <subfield code="b">Unistar Books</subfield>
    <subfield code="c">2011</subfield>
  </datafield>
  <datafield tag="270" ind1=" " ind2=" ">
    <subfield code="b">Chandigarh</subfield>
    <subfield code="a">sco-26-27, sector-34 A</subfield>
    <subfield code="k">0172-5077427- 9815471219</subfield>
    <subfield code="e">160022</subfield>
  </datafield>
  <datafield tag="300" ind1="4" ind2=" ">
    <subfield code="a">80p.</subfield>
    <subfield code="c">22&#xA38;&#xA47;&#xA02;&#xA2E;&#xA40; (&#xA38;&#xA1C;&#xA3F;&#xA32;&#xA71;&#xA26;)</subfield>
  </datafield>
  <datafield tag="942" ind1=" " ind2=" ">
    <subfield code="2">ddc</subfield>
    <subfield code="c">PN</subfield>
    <subfield code="h">851</subfield>
    <subfield code="m">&#xA38;&#xA41;&#xA16;&#xA35;&#xA3F;&#xA70;</subfield>
  </datafield>
  <datafield tag="999" ind1=" " ind2=" ">
    <subfield code="c">88017</subfield>
    <subfield code="d">88017</subfield>
  </datafield>
  <datafield tag="952" ind1=" " ind2=" ">
    <subfield code="0">0</subfield>
    <subfield code="1">0</subfield>
    <subfield code="2">ddc</subfield>
    <subfield code="4">0</subfield>
    <subfield code="7">0</subfield>
    <subfield code="8">NFIC</subfield>
    <subfield code="a">DBAD</subfield>
    <subfield code="b">DBAD</subfield>
    <subfield code="d">2014-08-28</subfield>
    <subfield code="e">DBAD / PUB</subfield>
    <subfield code="g">100.00</subfield>
    <subfield code="l">0</subfield>
    <subfield code="o">851 &#xA38;&#xA41;&#xA16;&#xA35;&#xA3F;&#xA70;</subfield>
    <subfield code="r">2014-08-28 00:00:00</subfield>
    <subfield code="t">1</subfield>
    <subfield code="v">100.00</subfield>
    <subfield code="w">2014-08-28</subfield>
    <subfield code="y">PN</subfield>
  </datafield>
  <datafield tag="952" ind1=" " ind2=" ">
    <subfield code="0">0</subfield>
    <subfield code="1">0</subfield>
    <subfield code="2">ddc</subfield>
    <subfield code="4">0</subfield>
    <subfield code="7">0</subfield>
    <subfield code="8">NFIC</subfield>
    <subfield code="a">L</subfield>
    <subfield code="b">L</subfield>
    <subfield code="d">2015-09-11</subfield>
    <subfield code="e">BPPD/163/27-8-14/41629/18-9-14/8-10-14</subfield>
    <subfield code="g">100.00</subfield>
    <subfield code="l">0</subfield>
    <subfield code="o">851 &#xA38;&#xA41;&#xA16;&#xA35;&#xA3F;&#xA70;</subfield>
    <subfield code="p">B-578073</subfield>
    <subfield code="r">2015-09-11 00:00:00</subfield>
    <subfield code="t">1</subfield>
    <subfield code="v">100.00</subfield>
    <subfield code="w">2015-09-11</subfield>
    <subfield code="y">PN</subfield>
  </datafield>
  <datafield tag="952" ind1=" " ind2=" ">
    <subfield code="0">0</subfield>
    <subfield code="1">0</subfield>
    <subfield code="2">ddc</subfield>
    <subfield code="4">0</subfield>
    <subfield code="7">0</subfield>
    <subfield code="8">NFIC</subfield>
    <subfield code="a">BL1</subfield>
    <subfield code="b">BL1</subfield>
    <subfield code="d">2015-09-11</subfield>
    <subfield code="e">BPPD/163/27-8-14/41629/18-9-14/8-10-14</subfield>
    <subfield code="g">100.00</subfield>
    <subfield code="l">0</subfield>
    <subfield code="o">851 &#xA38;&#xA41;&#xA16;&#xA35;&#xA3F;&#xA70;</subfield>
    <subfield code="p">B-578074</subfield>
    <subfield code="r">2015-09-11 00:00:00</subfield>
    <subfield code="t">1</subfield>
    <subfield code="v">100.00</subfield>
    <subfield code="y">PN</subfield>
  </datafield>
  <datafield tag="952" ind1=" " ind2=" ">
    <subfield code="0">0</subfield>
    <subfield code="1">0</subfield>
    <subfield code="2">ddc</subfield>
    <subfield code="4">0</subfield>
    <subfield code="7">0</subfield>
    <subfield code="8">NFIC</subfield>
    <subfield code="a">ZLS</subfield>
    <subfield code="b">ZLS</subfield>
    <subfield code="d">2015-09-11</subfield>
    <subfield code="e">BPPD/163/27-8-14/41629/18-9-14/8-10-14</subfield>
    <subfield code="g">100.00</subfield>
    <subfield code="l">0</subfield>
    <subfield code="o">851 &#xA38;&#xA41;&#xA16;&#xA35;&#xA3F;&#xA70;</subfield>
    <subfield code="p">B-578075</subfield>
    <subfield code="r">2015-09-11 00:00:00</subfield>
    <subfield code="t">1</subfield>
    <subfield code="v">100.00</subfield>
    <subfield code="y">PN</subfield>
  </datafield>
  <datafield tag="952" ind1=" " ind2=" ">
    <subfield code="0">0</subfield>
    <subfield code="1">0</subfield>
    <subfield code="2">ddc</subfield>
    <subfield code="4">0</subfield>
    <subfield code="7">0</subfield>
    <subfield code="8">NFIC</subfield>
    <subfield code="a">BL4</subfield>
    <subfield code="b">BL4</subfield>
    <subfield code="d">2015-09-11</subfield>
    <subfield code="e">BPPD/163/27-8-14/41629/18-9-14/8-10-14</subfield>
    <subfield code="g">100.00</subfield>
    <subfield code="l">0</subfield>
    <subfield code="o">851 &#xA38;&#xA41;&#xA16;&#xA35;&#xA3F;&#xA70;</subfield>
    <subfield code="p">B-578076</subfield>
    <subfield code="r">2015-09-11 00:00:00</subfield>
    <subfield code="t">1</subfield>
    <subfield code="v">100.00</subfield>
    <subfield code="y">PN</subfield>
  </datafield>
</record>
